000 00303nam a2200121Ia 4500
008 190216s9999||||xx |||||||||||||| ||und||
100 _aDr.Narendra Sinh Mahla
245 0 _aHindi-Bharatiya Darshan Shabd Kosh
260 _bJain Prakashan Mandir
_c2004
300 _a295
650 _aHindi
942 _cBK
999 _c16431
_d16431